Antonio Dias : (Record no. 609)
[ view plain ]
| 000 -LEADER | |
|---|---|
| campo de control de longitud fija | 01742cam a2200373 a 4500 |
| 001 - NÚMERO DE CONTROL | |
| campo de control | 16715547 |
| 005 - FECHA Y HORA DE LA ÚLTIMA TRANSACCIÓN | |
| campo de control | 20220326193324.0 |
| 008 - DATOS DE LONGITUD FIJA--INFORMACIÓN GENERAL | |
| campo de control de longitud fija | 110331s2010 sz a bc s000 0 eng |
| 010 ## - NÚMERO DE CONTROL DE LA BIBLIOTECA DEL CONGRESO | |
| Número de control de LC | 2011356379 |
| 020 ## - NÚMERO INTERNACIONAL ESTÁNDAR DEL LIBRO | |
| Número Internacional Estándar del Libro | 9783775724593 |
| 040 ## - FUENTE DE CATALOGACIÓN | |
| Centro catalogador/agencia de origen | DLC |
| Centro/agencia transcriptor | DLC |
| 041 0# - CÓDIGO DE IDIOMA | |
| Código de lengua del texto/banda sonora o título independiente | eng |
| -- | spa |
| -- | por |
| 042 ## - CÓDIGO DE AUTENTICACIÓN | |
| Código de autenticación | lcode |
| -- | pcc |
| 082 ## - NÚMERO DE LA CLASIFICACIÓN DECIMAL DEWEY | |
| Número de clasificación | 708 |
| Número de ítem | D 541any |
| 100 1# - ENTRADA PRINCIPAL--NOMBRE DE PERSONA | |
| Nombre de persona | Dias, Antonio, |
| Fechas asociadas al nombre | 1944- |
| 9 (RLIN) | 2721 |
| 245 10 - MENCIÓN DEL TÍTULO | |
| Título | Antonio Dias : |
| Resto del título | anywhere is my land / |
| Mención de responsabilidad, etc. | [curated by Hans-Michael Herzog and Katrin Steffen]. |
| 246 30 - FORMA VARIANTE DEL TITULO | |
| Título propio/Titulo breve | Anywhere is my land |
| 260 ## - PUBLICACIÓN, DISTRIBUCIÓN, ETC. | |
| Lugar de publicación, distribución, etc. | Zürich, Switzerland : |
| Nombre del editor, distribuidor, etc. | Daros ; |
| Lugar de publicación, distribución, etc. | Ostfildern, Germany : |
| Nombre del editor, distribuidor, etc. | Hatje Cantz ; |
| Lugar de publicación, distribución, etc. | [São Paulo, Brazil] : |
| Nombre del editor, distribuidor, etc. | Pinocoteca do Estado de São Paulo, Governo do Estado de São Paulo, |
| Fecha de publicación, distribución, etc. | 2010. |
| 300 ## - DESCRIPCIÓN FÍSICA | |
| Extensión | 187 p. : |
| Otras características físicas | ill. (some col.) ; |
| Dimensiones | 26 cm. |
| 500 ## - NOTA GENERAL | |
| Nota general | "Setembro 11- Novembro 7, 2010, Pinacoteca do Estado de São Paulo." |
| 500 ## - NOTA GENERAL | |
| Nota general | "First published in conjunction with the exhibition at the Daros Museum, Zürich, this catalogue is a reprint produced for the exhibition at the Pinacoteca do Estado de São Paulo"--P. 194. |
| 504 ## - NOTA DE BIBLIOGRAFÍA, ETC. | |
| Nota de bibliografía, etc. | Includes bibliographical references. |
| 546 ## - NOTA DE IDIOMA | |
| Nota de lengua/lenguaje | Text in English, Portuguese, and Spanish. |
| 600 10 - PUNTO DE ACCESO ADICIONAL DE MATERIA--NOMBRE DE PERSONA | |
| Nombre de persona | Dias, Antonio, |
| Fechas asociadas al nombre | 1944- |
| Subdivisión de forma | Exhibitions. |
| 9 (RLIN) | 2730 |
| 600 10 - PUNTO DE ACCESO ADICIONAL DE MATERIA--NOMBRE DE PERSONA | |
| Nombre de persona | Herzog, Hans-Michael |
| Fechas asociadas al nombre | 1956 |
| 9 (RLIN) | 1964 |
| 600 10 - PUNTO DE ACCESO ADICIONAL DE MATERIA--NOMBRE DE PERSONA | |
| Nombre de persona | Steffen, Katrin |
| 9 (RLIN) | 1965 |
| 650 ## - PUNTO DE ACCESO ADICIONAL DE MATERIA--TÉRMINO DE MATERIA | |
| Subdivisión general | Arte moderno |
| -- | Sao Paulo. Pinacoteca do Estado |
| -- | Daros-Latinoamerica (Art Collection) |
| Subdivisión geográfica | Brasil |
| 9 (RLIN) | 2731 |
| 700 1# - ENTRADA AGREGADA--NOMBRE PERSONAL | |
| Nombre de persona | Herzog, Hans-Michael, |
| Fechas asociadas al nombre | 1956- |
| 9 (RLIN) | 1964 |
| 700 1# - ENTRADA AGREGADA--NOMBRE PERSONAL | |
| Nombre de persona | Steffen, Katrin. |
| 9 (RLIN) | 1965 |
| 710 1# - ENTRADA AGREGADA--NOMBRE DE ENTIDAD CORPORATIVA | |
| Nombre de entidad corporativa o nombre de jurisdicción como elemento de entrada | São Paulo (Brazil : State). |
| Unidad subordinada | Pinacoteca do Estado. |
| 9 (RLIN) | 2732 |
| 710 2# - ENTRADA AGREGADA--NOMBRE DE ENTIDAD CORPORATIVA | |
| Nombre de entidad corporativa o nombre de jurisdicción como elemento de entrada | Daros-Latinamerica (Art Collection) |
| 9 (RLIN) | 1849 |
| 906 ## - ELEMENTOS DE DATOS F LOCAL, LDF (RLIN) | |
| a | 7 |
| b | cbc |
| c | origode |
| d | 2 |
| e | ncip |
| f | 20 |
| g | y-gencatlg |
| Estatus retirado | Estado de pérdida | Fuente del sistema de clasificación o colocación | Estado de daño | No para préstamo | Biblioteca de origen | Biblioteca actual | Ubicación en estantería | Fecha de adquisición | Total de préstamos | Signatura topográfica completa | Código de barras | Visto por última vez | Precio de reemplazo | Tipo de ítem Koha |
|---|---|---|---|---|---|---|---|---|---|---|---|---|---|---|
| Clasificación Decimal Dewey | Biblioteca LadoV | Biblioteca LadoV | 22/05/2015 | 708 D 541any | 000730 | 22/05/2015 | 22/05/2015 | Material 01 |
